000 01219nam a2200265 i 4500
003 DO-SdBNP
005 20260605095928.0
006 a||||gr|||| 00| 0
007 ta
008 240812n1999 dr c|||| |||| 00| e spa d
040 _aDO-SdBNP
_bspa
_cBNPHU
_erda
082 4 _222
_bF825m
100 1 _aFranco, Franklin J.
_d 1936-2013
_eautor
_986304
245 1 0 _aMemorias de junio 1959 /
_bFranklin Franco Pichardo.
264 1 _a[Santo Domingo] :
_bEditora Collado,
_c1959
300 _a24 páginas :
_bilustraciones, retrato ;
_c21 cm.
336 _2rdacontent
_atexto
_btxt
337 _2rdamedia
_asin mediación
_bn
338 _2rdacarrier
_avolumen
_bnc
500 _aEsta relato apareción originalemte en la obra: "El 14 de Junio: La Raza Imortal", de Hugo A. Ysalguez.
505 _aI.-- II En Cuba.-- III Una tragedia afecta el campamento.-- IV La muerte de Manlio Bobadilla.-- V La incertidumbre arropa el campamento.-- VI Los enviados de Rómulo Betancourt.-- VII. Ambiente social e ieológico.-- VIII Las presisiones de Estados Unidos.-- IX. La antesala del final.-- X Reflexiones finales.
590 _aInventariado 2024 / MF
650 4 _aMovimiento Revolucionario 14 de Junio
_983105
942 _2ddc
_cLF2
999 _c57402
_d57402